000 00693nam a2200169 i 4500
001 161602
003 ES-MaACL
005 20250822063217.0
008 931025s1830 fr a |||| | fre d
100 1 _aPecchio, Joseph,
_cComte
_9130927
245 1 0 _aHistoire de l'Economie Politique en Italie
_b: ou abregé critique des économistes italiens ; precedee d'une introduction /
_cpar le Comte Joseph Pecchio ; traduit de l'italien par M. Léonard Gallois.
260 _aParis :
_bA. Levavasseur, libraire,
_c1830 (
_fImp. de David)
300 _aVIII, 424 p. ;
_c22 cm.
700 1 _aGallois, Leonard.
_953642
852 _aES-MaACL
_jC-3353
_z-- Enc. hol.
999 _c161602
_d161602